Jakub v zrkadle času

Bibliographic Details
Main Author: Kološtová, Jana (Author)
Format: Article
Language:Slovak
PhysicalDescription:Fotogr.
ISSN:1335-1737
Subjects:

MARC

LEADER 00000nab a2200000 a 4500
001 vtls008155563
003 SK-MaSNL
005 20260304233654.0
008 140328c2004 xo qr|p|||||||000 b|slo
015 |a SNBRB2005/05  |2 snkbucl 
038 |a SNKBUCL 
040 |a SNKBUCL  |b slo  |c SNKBUCL  |e AACR2 
041 0 |a slo 
044 |a xo  |c SK 
080 |a 502.4  |x (437.6)  |2 1997 
100 1 |a Kološtová, Jana  |4 aut  |9 1569604 
245 1 0 |a Jakub v zrkadle času  |c Jana Kološtová 
300 |b Fotogr. 
650 0 7 |a náučné chodníky  |2 snkbucl  |9 4212 
651 7 |a Náučný chodník Jakub (Slovensko)  |2 SNKPHgeo  |9 263945 
651 7 |a Národný park Nízke Tatry (Slovensko)  |2 snkbucl  |9 14155 
651 7 |a Banská Bystrica (Slovensko)  |2 snkbucl  |9 22015 
773 0 |t Chránené územia Slovenska  |g Č. 62 (2004), s. 48  |x 1335-1737 
852 |a SNK  |b KIS3GCP 
999 |c 3199749  |d 3201679